| 000 | 00507nam a2200133Ia 4500 | ||
|---|---|---|---|
| 008 | 250506s9999 xx 000 0 und d | ||
| 024 | _a05B-21-EE, 05B-40-EE, 05B-48-EE & 05B-50-EE | ||
| 082 | _a629.83072 UME | ||
| 100 | _aUmer Ali Cheema, Ali Hassan, Waqas Badar & Umair Javed | ||
| 245 | 0 | _aDCS (Distributed Control System) with PC Interfacing for Monitoring Data Logging and Controlling | |
| 260 |
_aKarachi: _bUIT, _c2005 |
||
| 600 | _aElectronic Engineering | ||
| 650 | _aBachelor of Engineering (BE) | ||
| 999 |
_c27868 _d27868 |
||